<?xml version='1.0' encoding='UTF-8'?>
  <record xmlns="http://www.loc.gov/MARC21/slim">
    <leader>00000cam a2200000 i 4500</leader>
    <controlfield tag="001">ocn905432860</controlfield>
    <controlfield tag="003">OCoLC</controlfield>
    <controlfield tag="005">20250812223600.8</controlfield>
    <controlfield tag="008">860925s1892    ne       m    000 0 dut d</controlfield>
    <datafield tag="040" ind1=" " ind2=" ">
      <subfield code="a">NLGGC</subfield>
      <subfield code="b">dut</subfield>
      <subfield code="e">fobidrtb</subfield>
      <subfield code="c">NLGGC</subfield>
      <subfield code="d">OCLCO</subfield>
      <subfield code="d">OCLCF</subfield>
      <subfield code="d">L2U</subfield>
      <subfield code="d">OCLCO</subfield>
      <subfield code="d">OCLCL</subfield>
      <subfield code="d">OCLCQ</subfield>
    </datafield>
    <datafield tag="029" ind1="0" ind2=" ">
      <subfield code="a">NLGGC</subfield>
      <subfield code="b">864086725</subfield>
    </datafield>
    <datafield tag="035" ind1=" " ind2=" ">
      <subfield code="a">(OCoLC)905432860</subfield>
    </datafield>
    <datafield tag="050" ind1=" " ind2="4">
      <subfield code="a">BV660 LOU</subfield>
    </datafield>
    <datafield tag="082" ind1="0" ind2="4">
      <subfield code="a">262.1</subfield>
      <subfield code="2">20</subfield>
      <subfield code="1">https://id.oclc.org/worldcat/ddc/E3Qfv7xRFMDGXgDty44wKfXqh4</subfield>
    </datafield>
    <datafield tag="084" ind1=" " ind2=" ">
      <subfield code="a">11.50</subfield>
      <subfield code="2">bcl</subfield>
    </datafield>
    <datafield tag="100" ind1="1" ind2=" ">
      <subfield code="a">Louw, Schalk Willem.</subfield>
    </datafield>
    <datafield tag="245" ind1="1" ind2="4">
      <subfield code="a">Het ontstaan van het priesterschap in de Christelijke Kerk :</subfield>
      <subfield code="b">een archæologische studie /</subfield>
      <subfield code="c">door Schalk Willem Louw.</subfield>
    </datafield>
    <datafield tag="260" ind1=" " ind2=" ">
      <subfield code="a">Utrecht :</subfield>
      <subfield code="b">Breijer,</subfield>
      <subfield code="c">1892.</subfield>
    </datafield>
    <datafield tag="300" ind1=" " ind2=" ">
      <subfield code="a">IX, 149 p. ;</subfield>
      <subfield code="c">23 cm.</subfield>
    </datafield>
    <datafield tag="336" ind1=" " ind2=" ">
      <subfield code="a">tekst</subfield>
      <subfield code="b">txt</subfield>
      <subfield code="2">rdacontent/dut</subfield>
    </datafield>
    <datafield tag="337" ind1=" " ind2=" ">
      <subfield code="a">zonder medium</subfield>
      <subfield code="b">n</subfield>
      <subfield code="2">rdamedia/dut</subfield>
    </datafield>
    <datafield tag="338" ind1=" " ind2=" ">
      <subfield code="a">band</subfield>
      <subfield code="b">nc</subfield>
      <subfield code="2">rdacarrier/dut</subfield>
    </datafield>
    <datafield tag="502" ind1=" " ind2=" ">
      <subfield code="a">Proefschrift Utrecht.</subfield>
    </datafield>
    <datafield tag="530" ind1=" " ind2=" ">
      <subfield code="a">Ook beschikbaar in microvorm.</subfield>
    </datafield>
    <datafield tag="650" ind1=" " ind2="0">
      <subfield code="a">Priesthood</subfield>
      <subfield code="x">History of doctrines</subfield>
      <subfield code="y">Early church, ca. 30-600.</subfield>
    </datafield>
    <datafield tag="650" ind1=" " ind2="7">
      <subfield code="a">11.50 church history and history of doctrine: general.</subfield>
      <subfield code="0">(NL-LeOCL)077594320</subfield>
      <subfield code="2">bcl</subfield>
    </datafield>
    <datafield tag="648" ind1=" " ind2="7">
      <subfield code="a">30-600</subfield>
      <subfield code="2">fast</subfield>
    </datafield>
    <datafield tag="650" ind1="1" ind2="7">
      <subfield code="a">Priesterschap.</subfield>
      <subfield code="2">gtt</subfield>
      <subfield code="0">(NL-LeOCL)078635640</subfield>
    </datafield>
    <datafield tag="655" ind1=" " ind2="7">
      <subfield code="a">Proefschriften (vorm)</subfield>
      <subfield code="2">gtt</subfield>
      <subfield code="0">(NL-LeOCL)088144445</subfield>
    </datafield>
    <datafield tag="655" ind1=" " ind2="7">
      <subfield code="a">Geschiedenis (vorm)</subfield>
      <subfield code="2">gtt</subfield>
      <subfield code="0">(NL-LeOCL)088143147</subfield>
    </datafield>
    <datafield tag="758" ind1=" " ind2=" ">
      <subfield code="a">Het ontstaan van het priesterschap in de Christelijkekerk (Text)</subfield>
      <subfield code="1">https://id.oclc.org/worldcat/entity/E39PCYycDyRPfVFXfYrRhwyFx8</subfield>
      <subfield code="4">https://id.oclc.org/worldcat/ontology/hasWork</subfield>
    </datafield>
    <datafield tag="936" ind1=" " ind2=" ">
      <subfield code="a">BATCHLOAD</subfield>
    </datafield>
  </record>